Statistics for Top 5 Countries by Language

Click here to take the quiz!

General Stats

  • This quiz has been taken 179 times
  • The average score is 32 of 38

Answer Stats

Country % Correct
United States
99%
Russia
99%
China
99%
Germany
99%
India
99%
United Kingdom
99%
France
98%
Malaysia
97%
Mexico
96%
Saudi Arabia
96%
Brazil
96%
Spain
95%
Indonesia
95%
Ukraine
94%
Egypt
94%
Canada
94%
Argentina
93%
Austria
93%
Australia
93%
Portugal
91%
Switzerland
90%
Pakistan
89%
Algeria
87%
Colombia
85%
Singapore
83%
Belarus
82%
Morocco
81%
Kazakhstan
78%
Nepal
74%
Taiwan
74%
Sudan
72%
Belgium
70%
Thailand
69%
Angola
61%
Brunei
57%
Italy
54%
South Africa
50%
Mauritius
9%

Score Distribution

Percentile by Number Answered

Percent of People with Each Score

Your Score History

You have not taken this quiz